00351 2200133 4500001002100000005001500021035002000036245008000056300000600136260004300142082000800185084001200193990001200205INLIS00000000000206820250527094500 a0010-0525000360 aMenjadi Artis Ngetop Dg W.U.T (Waktu, uang, dan Tekad) /cBuanergis Muryono a1 aJakarta :bElek Media Komputndo,c2000 a813 a813 MEN a0712498